书目信息 |
| 题名: |
雾都孤儿
|
|
| 作者: | 狄更斯 原著 ;莱顿 , 埃斯特拉达 , 刘春梅 , 王红欣 改写 | |
| 分册: | ||
| 出版信息: | 大连 大连理工大学出版社 2008.04 |
|
| 页数: | 253页 | |
| 开本: | 21cm | |
| 丛书名: | ||
| 单 册: | ||
| 中图分类: | H319.4:I | |
| 科图分类: | ||
| 主题词: | 英语--ying yu--语言读物 , 长篇小说--chang pian xiao shuo--法国--近代 | |
| 电子资源: | ||
| ISBN: | 978-7-5611-4073-4 | |
| 000 | 01590nam0 2200337 450 | |
| 001 | 012008464544 | |
| 005 | 20080902114603.23 | |
| 010 | @a978-7-5611-4073-4@dCNY26.00 (含光盘) | |
| 100 | @a20080902d2008 em y0chiy0120 ea | |
| 101 | 2 | @achi@aeng@ceng |
| 102 | @aCN@b210000 | |
| 105 | @aa z 000ay | |
| 106 | @ar | |
| 200 | 1 | @a雾都孤儿@Awu dou gu er@d= Oliver twist@fLeighton, Marian改写@F(ying)Charles Dickens yuan zhu@g(美) Marian Leighton改写@G(mei)Marian Leighton gai xie@g刘春梅, 王红欣译注@Gliu chun mei,wang hong xin yi zhu@g(美) Ric Estrada插图@G(mei)Ric Estrada cha tu@zeng |
| 210 | @a大连@c大连理工大学出版社@d2008.04 | |
| 215 | @a253页@c图@d21cm@e光盘1片 | |
| 300 | @a世界名著全英简易读物(插图典藏版) | |
| 306 | @a圣智学习出版公司授权出版 | |
| 314 | @a责任者Dickens, Leighton, Estrada规范汉译姓为 : 狄更斯, 莱顿, 埃斯特拉达 | |
| 330 | @a本书内容简介:奥立弗·退斯特从出生时起就与苦难相伴。因为他的出生,母亲难产离开。年幼的他被送到教区孤儿院。因代表大家向孤儿院提出增加食物的要求而被赶出孤儿院。小奥立弗最后来到雾都伦敦。在那里他又经历了什么呢?他的命运有没有变化呢。 | |
| 510 | 1 | @aOliver twist@zeng |
| 606 | 0 | @a英语@Aying yu@j语言读物 |
| 606 | 0 | @a长篇小说@Achang pian xiao shuo@y法国@z近代 |
| 690 | @aH319.4:I@v4 | |
| 701 | 1 | @a狄更斯@Adi geng si@g(Charles, Dickens)@4原著 |
| 702 | 1 | @a莱顿@Alai dun@g(Leighton, Marian)@4改写 |
| 702 | 1 | @a埃斯特拉达@Aai si te la da@g(Estrada, Ric)@4插图 |
| 702 | 0 | @a刘春梅@Aliu chun mei@4译注 |
| 702 | 0 | @a王红欣@Awang hong xin@4译注 |
| 801 | 0 | @aCN@bQSSK@c20080902 |
| 905 | @b735126-28@dH319.4:I@eD360@f3 | |
| 雾都孤儿= Oliver twist/Leighton, Marian改写/(美) Marian Leighton改写/刘春梅, 王红欣译注/(美) Ric Estrada插图.-大连:大连理工大学出版社,2008.04 |
| 253页:图;21cm+光盘1片 |
| 世界名著全英简易读物(插图典藏版) |
| ISBN 978-7-5611-4073-4:CNY26.00 (含光盘) |
| 本书内容简介:奥立弗·退斯特从出生时起就与苦难相伴。因为他的出生,母亲难产离开。年幼的他被送到教区孤儿院。因代表大家向孤儿院提出增加食物的要求而被赶出孤儿院。小奥立弗最后来到雾都伦敦。在那里他又经历了什么呢?他的命运有没有变化呢。 |
| ● |
| 相关链接 |
|
|
|
正题名:雾都孤儿
索取号:H319.4:I/D360
 
预约/预借
| 序号 | 登录号 | 条形码 | 馆藏地/架位号 | 状态 | 备注 |
| 1 | 735126 | 207351266 | 语言库209/209语言库 23排2列2层/ [索取号:H319.4:I/D360] | 在馆 | |
| 2 | 735127 | 207351275 | 语言库209/209语言库 23排2列2层/ [索取号:H319.4:I/D360] | 在馆 | |
| 3 | 735128 | 207351284 | 语言库209/209语言库 23排2列2层/ [索取号:H319.4:I/D360] | 在馆 |